Anl̀isis del esfuerzo municipal en el apoyo a las empresas en el este de Madrid

Detalles Bibliográficos
Autor principal: Garcia Rubio, Fernando
Otros Autores: Medrano Garca̕, Mara̕ Luisa
Formato: eBook
Lenguaje:español
Publicado: Madrid: Dykinson, 2013
Materias:
Acceso en línea:Acceso restringido

MARC

LEADER 00000nam a22000007a 4500
005 20140603024026.0
007 cr|||| ||||
008 140603s2013 es |||||s|||| 00||0 spa d
020 |a 978-84-9031-800-3 
035 |a 12190 
040 |a vLex 
090 |c 4977  |d 4977 
100 1 |a Garcia Rubio, Fernando 
245 1 0 |a Anl̀isis del esfuerzo municipal en el apoyo a las empresas en el este de Madrid  |h [Recurso electrn̤ico] /  |c Fernando Garcia Rubio, Mara̕ Luisa Medrano Garca̕ 
256 |a Servicio en ln̕ea 
260 |a Madrid:  |b Dykinson,  |c 2013 
300 |a 1 recurso electrn̤ico 
506 1 |a Disponible solo en los productos indicados  |d vLex Global  |d vLex Global (Academic Edition, excluding Law Schools)  |d vLex Global (U.S. Academic Edition, Law Schools)  |d vLex Global (U.S. Academic Edition, excluding Law Schools)  |d vLex Global (Academic Edition, Law Schools) 
650 0 4 |a Derecho Mercantil y de la Empresa  |z Espaą 
650 0 4 |a Derecho Pb︢lico y Administrativo  |z Espaą 
700 1 |a Medrano Garca̕, Mara̕ Luisa 
740 0 |a vLex Libros (Servicio en ln̕ea) 
856 4 0 |u http://vlex.com/source/analisis-esfuerzo-municipal-apoyo-empresas-este-madrid-12190  |z Acceso restringido 
942 |c BOOK 
999 0 |a Commercial Law and Business 
999 0 |a Public and Administrative Law